000 00341nam a22001457a 4500
008 250417b ||||| |||| 00| 0 eng d
020 _a9780007350995
041 _aeng
080 _22013
_a82ALC
082 _282ALC
_a82ALC
100 _a01
101 _aGJUHE DHE LETERSI
245 _aLITTLE WOMEN
_cLOUISA MAY ALCOTT
942 _2udc
_cBK
999 _c60654
_d60654